000 00587cam a22002053a 4500
001 38873
003 PGUSA
005 20140828083847.0
008 120214s2012||||xxu|||||s|||||000 | eng d
040 _aPGUSA
_beng
042 _adc
100 1 _aCrothers, Samuel McChord,
_d1857-1927
245 1 4 _aThe Gentle Reader
_h[electronic resource] /
_cSamuel McChord Crothers
260 _bProject Gutenberg,
_c2012
506 _aPublic domain in the USA.
516 _aElectronic text
830 0 _aProject Gutenberg
_v38873
856 4 0 _uhttp://www.gutenberg.org/ebooks/38873
942 _cEB
999 _c268127
_d268127